000 00326nam a22001217a 4500
008 160421b xxu||||| |||| 00| 0 eng d
020 _a9780673397935
020 _a0673397939
041 _aeng
080 _a618.2
245 _aFundamentals of nursing;
_cBrenda Bigelow Kemp; Adele Pillitteri; Patricia Brown;
942 _2udc
_cBK
999 _c1482
_d1482